| 000 | 00714cam a2200205 4500 | ||
|---|---|---|---|
| 001 | 5061 | ||
| 005 | 20181127174710.0 | ||
| 008 | 140621s2014 ii a 000 0 eng | ||
| 010 | _a 2014355330 | ||
| 020 | _a9789350298237 | ||
| 245 | 0 | 0 |
_aTravelling in, travelling out : _ba book of unexpected journeys / _cedited by Namita Gokhale. |
| 264 | 1 |
_aNoida : _bHarperCollins Publishers, _c2014. |
|
| 300 |
_axvii, 260 pages : _billustrations ; _c22 cm |
||
| 336 |
_atext _btxt _2rdacontent |
||
| 337 |
_aunmediated _bn _2rdamedia |
||
| 650 |
_aTravel writing. _v _x _y _z _2 |
||
| 650 |
_aVoyages and travels --Literary collections. _v _x _y _z _2 |
||
| 700 | 1 |
_aGokhale, Namita, _d1956- _eeditor. |
|
| 999 |
_c4230 _d4230 |
||